Foucault y la educación : disciplinas y saber /
Guardado en:
| Autor Principal: | |
|---|---|
| Otros Autores: | |
| Formato: | Libro |
| Publicado: |
Madrid :
Morata,
1993
|
| Series: | Pedagogía. Educación Crítica / Jurjo Torres Santomé
|
| Materias: | |
| Etiquetas: |
Agregar Etiqueta
Sin Etiquetas, Sea el primero en etiquetar este registro!
|
| LEADER | 01303nam a22002655a 4500 | ||
|---|---|---|---|
| 001 | CEM.cems013856 | ||
| 008 | 130507s1993##################000#0#####d | ||
| 005 | 20211110165529.0 | ||
| 003 | CEMS | ||
| 245 | 1 | 0 | |a Foucault y la educación : |b disciplinas y saber / |c Stephen J. Ball; comp. ; pablo Manzano, Trad. |
| 260 | |a Madrid : |b Morata, |c 1993 | ||
| 300 | |a 222 p. | ||
| 490 | 0 | |a Pedagogía. Educación Crítica / Jurjo Torres Santomé | |
| 500 | |a Titulo original de la obra: Foucault And Education. Disciplines and knowledge. | ||
| 505 | 0 | |a Presentaci¢n de Michel Foucault.- Foucault y la educaci¢n.- Foucault y la investigaci¢n educativa.- Foucault a ex men.- Historia, poder y saber.- La geneolog¡a del profesor urbano.- Las pr cticas educativas y el saber cient¡fico.- Cuerpos d¢ciles.- Discurso y pol¡tica.- La deconstrucci¢n de hegemon¡a.- La gesti¢n como tecnolog¡a moral.- La educaci¢n y el discurso pol¡tico de la Nueva Derecha.- | |
| 590 | |a 1032.013 | ||
| 020 | |a 8471123703 | ||
| 100 | 1 | |a Ball, Stephen J.; comp. | |
| 700 | 1 | |a Manzano, Pablo; trad. | |
| 653 | |a Biblioteca TC | ||
| 653 | |a Filosofía | ||
| 653 | |a Educación | ||
| 653 | |a Pedagogía | ||
| 859 | |a CEMS |b BIB. CEMS - 11 de abril |h 370.9 |i B215 |p 17939.94 |t Ej.1 | ||
| 859 | |a CEMS |b BIB. CEMS - 11 de abril |h TC |p 1032.013 |t Ej.2 | ||
